000 00309nam a2200133 i 4500
001 bg
100 1 _aSENDECKY, G.
245 0 _aMechanics of Composite Materials /
_cG. Sendecky.
260 _aNew York,
_c1974.
040 _cBPK
041 _apol
942 _cKS
008 s pl f |000 0 pol
999 _c15910
_d15910
856 _uhttp://koha.tu.koszalin.pl/cgi-bin/koha/opac-detail.pl?biblionumber=15910
_yKatalog online BPK